Culture & cognition : implications for theory and method (Record no. 142936)

MARC details
000 -LEADER
fixed length control field 00642nam a2200205Ia 4500
008 - FIXED-LENGTH DATA ELEMENTS--GENERAL INFORMATION
fixed length control field 191130s2004##################000#0#eng##
020 ## - INTERNATIONAL STANDARD BOOK NUMBER
ISBN 9780761929079
082 ## - DEWEY DECIMAL CLASSIFICATION NUMBER
Classification number 306.42 ROS
100 ## - MAIN ENTRY--AUTHOR NAME
Personal name Ross, Norbert
245 ## - TITLE STATEMENT
Title Culture & cognition : implications for theory and method
Statement of responsibility, etc by Norbert Ross
260 ## - PUBLICATION, DISTRIBUTION, ETC. (IMPRINT)
Place of publication Thousand Oaks, CA
Name of publisher SAGE Publications
Year of publication c2004
300 ## - PHYSICAL DESCRIPTION
Number of Pages ix, 203 p. ; 24 cm
500 ## - GENERAL NOTE
General note Includes bibliographical references (p. 177-189) and index
650 ## - SUBJECT ADDED ENTRY--TOPICAL TERM
Topical Term Cognition and culture
991 ## -
-- 199927
Holdings
Withdrawn status Lost status Damaged status Not for loan Home library Current library Shelving location Date acquired Full call number Accession Number Price effective from Koha item type
        Anna Centenary Library Anna Centenary Library 3RD FLOOR, B WING 12.10.2020 306.42 ROS 161461 12.10.2020 English Books

Find us on the map